Представление документа в формате RUSMARC

Поле Инд. ПП Название Значение
Тип записи a
Библиографический уровень a
001 Контрольный номер 6186d298a11d45b19214f29f97236139
005 Дата корректировки 20181120134536.0
100 a Данные общей обработки 20180920 ||| 0rusy0189 ca
101 0_ a Язык текста rus
102 a Страна публикации RU
200 1_ f Первые сведения об ответственности Ю.П. Соловей
a Заглавие Принципы осуществления публичной администрацией дискреционных полномочий
b Общее обозначение материала Текст
210 d Дата издания 2018
461 _0 1 2000
a Административное право и процесс
463 _0 1 2000
a №7
v С. 5-15
1 2101
d 2018
1 00146e4d15f3fb1482cb541a94a1f52e77c
606 a Основная рубрика Административное право
610 0_ a Ключевые слова АДМИНИСТРАТИВНЫЕ ПРОЦЕДУРЫ
a Ключевые слова УСМОТРЕНИЕ
a Ключевые слова ПРИНЦИПЫ ПРАВА
700 _1 a Фамилия Соловей
b Имя Ю.П.
801 _0 a Страна RU
b Организация РГУП
c Дата составления 20180920
g Правила каталогизации PSBO
801 _1 a Страна RU
b Организация РГУП
c Дата составления 20180920
g Правила каталогизации PSBO
901 t Тип документа b
w Контрольный № источника 46e4d15f3fb1482cb541a94a1f52e77c
905 a Дата ввода 20180920